00905 2200253 4500001002100000005001500021035002000036008004100056245005600097100001900153260003700172300004800209084001700257082001100274650001700285650001400302863000600316020001800322250001400340520026400354990001100618990001100629990001100640INLIS00000000001298020260210030440 a0010-0821000059260210 g 0 ind 1 aAnalisis Eksistensial Untuk Psikologi dan Psikiatri1 aAbidin, Zainal aBandung :bRefika Aditama,c2002 a188 halaman :bIlustrasi [Grafis] ;c24 cm. a142.78 ABI a a142.78 4aEksistensial 4aPsikologi a1 a9789797691233 aCetakan 1 aBuku ini mendeskripsikan secara jelas dan menarik tentang asal-usul perkembangan analisis eksistensial, sejumlah contoh kasus psikologis yang disoroti melalui perspektif analisis eksistensial dan contoh penerapan analisis eksistensial dalam terapi psikologis. a034844 a034843 a034845